Các cách dùng thiết yếu trong anh ngữ = The English usages

Bewaard in:
Bibliografische gegevens
Hoofdauteur: Ninh Hùng
Formaat: Boek
Taal:Undetermined
Gepubliceerd in: Đồng Nai Đồng Nai 1995
Onderwerpen:
Tags: Voeg label toe
Geen labels, Wees de eerste die dit record labelt!
Thư viện lưu trữ: Trung tâm Học liệu Trường Đại học Cần Thơ
LEADER 00548nam a2200193Ia 4500
001 CTU_53424
008 210402s9999 xx 000 0 und d
020 |b 15000 
082 |a 428.24 
082 |b N312 
100 |a Ninh Hùng 
245 0 |a Các cách dùng thiết yếu trong anh ngữ = The English usages 
245 0 |c Ninh Hùng 
260 |a Đồng Nai 
260 |b Đồng Nai 
260 |c 1995 
650 |a english language 
650 |x study and teaching 
980 |a Trung tâm Học liệu Trường Đại học Cần Thơ